<?xml version="1.0" encoding="UTF-8"?>
<collection xmlns="http://www.loc.gov/MARC21/slim">
<record>
  <controlfield tag="001">7508</controlfield>
  <controlfield tag="005">20250204105204.0</controlfield>
  <datafield tag="037" ind1=" " ind2=" ">
    <subfield code="a">CTALK-2025-0062</subfield>
  </datafield>
  <datafield tag="100" ind1=" " ind2=" ">
    <subfield code="a">Ivantsov, Anatoliy</subfield>
  </datafield>
  <datafield tag="245" ind1=" " ind2=" ">
    <subfield code="a">Astrometric bias caused by inhomogeneous background</subfield>
  </datafield>
  <datafield tag="260" ind1=" " ind2=" ">
    <subfield code="c">2024</subfield>
  </datafield>
  <datafield tag="269" ind1=" " ind2=" ">
    <subfield code="c">2024-08-14</subfield>
  </datafield>
  <datafield tag="520" ind1=" " ind2=" ">
    <subfield code="a">All kinds of measurements are taken against some background. The greater the signal-to-noise ratio is, the smaller error is expected in both position and magnitude of an object. If we take measurements of the objects that are slightly less than the magnitude of the background, their positions will be affected by background inhomogeneity. In the case of point sources with the Gaussian-like distribution of intensity, the symmetry is broken, and the source's position is biased. We provide an analytic solution for the bias of the Gaussian image if the neighbourhood background gradient is known or measured. The solution explains the exponential-looking degradation of the astrometric errors with respect to the magnitude and gives a way to balance the reduction by the proper weights introduced. The abstraction allows correcting the bias in the astrometry of Gaussian-like sources whatever wavelengths or instruments are used.</subfield>
  </datafield>
  <datafield tag="594" ind1=" " ind2=" ">
    <subfield code="a">NO</subfield>
  </datafield>
  <datafield tag="653" ind1="1" ind2=" ">
    <subfield code="a">astrometry,</subfield>
  </datafield>
  <datafield tag="653" ind1="1" ind2=" ">
    <subfield code="a">bias,</subfield>
  </datafield>
  <datafield tag="653" ind1="1" ind2=" ">
    <subfield code="a">systematic error,</subfield>
  </datafield>
  <datafield tag="653" ind1="1" ind2=" ">
    <subfield code="a">background gradient,</subfield>
  </datafield>
  <datafield tag="653" ind1="1" ind2=" ">
    <subfield code="a">Gaussian image</subfield>
  </datafield>
  <datafield tag="773" ind1=" " ind2=" ">
    <subfield code="t">XXXII IAU General Assembly Focus Meeting 11 Multi-wavelength Astrometry</subfield>
  </datafield>
  <datafield tag="856" ind1="0" ind2=" ">
    <subfield code="f">anatoliy.ivantsov@ksb-orb.be</subfield>
  </datafield>
  <datafield tag="856" ind1="4" ind2="2">
    <subfield code="a">https://zenodo.org/records/13785110</subfield>
  </datafield>
  <datafield tag="856" ind1="4" ind2=" ">
    <subfield code="s">2516915</subfield>
    <subfield code="u">http://publi2-as.oma.be/record/7508/files/ivantsov_fm11_2024.pdf</subfield>
  </datafield>
  <datafield tag="856" ind1="4" ind2=" ">
    <subfield code="s">10169</subfield>
    <subfield code="u">http://publi2-as.oma.be/record/7508/files/ivantsov_fm11_2024.jpg?subformat=icon-180</subfield>
    <subfield code="x">icon-180</subfield>
  </datafield>
  <datafield tag="856" ind1="4" ind2=" ">
    <subfield code="s">8176</subfield>
    <subfield code="u">http://publi2-as.oma.be/record/7508/files/ivantsov_fm11_2024.gif?subformat=icon</subfield>
    <subfield code="x">icon</subfield>
  </datafield>
  <datafield tag="906" ind1=" " ind2=" ">
    <subfield code="a">Contributed</subfield>
  </datafield>
  <datafield tag="980" ind1=" " ind2=" ">
    <subfield code="a">CTALKCONT</subfield>
  </datafield>
</record>
</collection>